|
|
|
|
| LEADER |
01620nam a2200421 i 4500 |
| 001 |
001634382 |
| 003 |
CZ BrMZK |
| 005 |
20180713134811.0 |
| 007 |
ta |
| 008 |
180618s2012 xxkabe g 001 f eng |
| 020 |
|
|
|a 978-1-74220-017-0
|q (brožováno)
|
| 040 |
|
|
|a BOA001
|b cze
|e rda
|
| 043 |
|
|
|a u-nz---
|
| 072 |
|
7 |
|a 913(9)
|x Geografie Oceánie, polárních oblastí, Austrálie, atd.
|2 Konspekt
|9 7
|
| 080 |
|
|
|a 913(931)
|2 MRF
|
| 080 |
|
|
|a (036)913
|2 MRF
|
| 100 |
1 |
|
|a Rawlings-Way, Charles
|7 osa2013793021
|4 aut
|
| 245 |
1 |
0 |
|a New Zealand /
|c this edition written and researched by Charles Rawlings-Way, brett Atkinson, Sarah Bennett, Peter Dragicevich, Lee Slater
|
| 250 |
|
|
|a 16th edition
|
| 264 |
|
1 |
|a [London] :
|b Lonely Planet Publications,
|c 2012
|
| 300 |
|
|
|a 718 stran :
|b ilustrace (některé barevné), mapy, plány ;
|c 20 cm +
|e 1 mapa (54 x 38 cm)
|
| 336 |
|
|
|a text
|b txt
|2 rdacontent
|
| 337 |
|
|
|a bez média
|b n
|2 rdamedia
|
| 338 |
|
|
|a svazek
|b nc
|2 rdacarrier
|
| 490 |
1 |
|
|a Lonely Planet
|
| 500 |
|
|
|a Název z obálky
|
| 500 |
|
|
|a Obsahuje rejstřík
|
| 651 |
|
7 |
|a Nový Zéland
|7 ge130252
|2 czenas
|
| 655 |
|
7 |
|a turistické průvodce
|7 fd133738
|2 czenas
|
| 700 |
1 |
|
|a Atkinson, Brett
|7 utb2010589949
|4 aut
|
| 700 |
1 |
|
|a Bennett, Sarah,
|d 1971-
|7 xx0213382
|4 aut
|
| 700 |
1 |
|
|a Dragicevich, Peter
|7 xx0101547
|4 aut
|
| 700 |
1 |
|
|a Slater, Lee,
|d 1971-
|7 xx0213381
|4 aut
|
| 830 |
|
0 |
|a Lonely Planet (Lonely Planet Publications)
|
| 910 |
|
|
|a BOA001
|b 1-1408.610
|
| 990 |
|
|
|a BK
|
| 991 |
|
|
|b 201807
|c NOV
|
| 996 |
7 |
|
|b 2610746806
|c 1-1408.610
|l MZK
|r Sklad / do 1 hodiny
|n 1
|p dar
|w 001670346
|u 000010
|a 1
|e BOA001
|j MZK50
|s A
|